000 00375nam a22001457a 4500
005 20200606125004.0
008 200606b xxu||||| |||| 00| 0 eng d
082 _a345.4
110 _aA.I.R
_95791
245 _aALL INDIA REPORTER 1996 (V-83) ALLAHABAD SECTION
260 _aMUMBAI
_bALL INDIA REPORTER PVT , LTD.
300 _a448;p
650 _aLAW
_95701
942 _cJRL
999 _c6853
_d6851